ბათუმის შოთა რუსთაველის სახელმწიფო უნივერსიტეტის ბიბლიოთეკა

თხზულებანი : 4 წიგნად. წ. 2, ნუ გეშინია დედა! თეთრი ბაირაღები. მარადისობის კანონი / (ბიბ.ჩანაწერი № 47159)

000 -ლიდერი
ფიქსირებული სიგრძის საკონტროლო ველი 01288nam a2200265Ia 4500
001 - საკონტროლო ნომერი
საკონტროლო ველი 14017
003 - საკონტროლო ნომრის იდენტიფიკატორი
საკონტროლო ველი GE_BSU
005 - ბოლო ოპერაციის თარიღი და დრო
საკონტროლო ველი 20241022105817.0
008 - ფიქსირებული სიგრძის მონაცემთა ელემენტები - ზოგადი ინფორმაცია
ფიქსირებული სიგრძის საკონტროლო ველი 181216s1989||||ge |||||||||||||| ||geo||
040 ## - კატალოგიზაციის წყარო
Transcribing agency GE_BSU
041 ## - ენის კოდი
Language code of text/sound track or separate title geo
080 ## - უნივერსალური ათობითი კლასიფიკაციის ინდექსი
Universal Decimal Classification number 821.353.1-31 დ-90
100 ## - მთავარი ჩანაწერი - პიროვნების სახელი
Personal name დუმბაძე, ნოდარ
9 (RLIN) 1321
245 ## - ცნობა სათაურის შესახებ
Title თხზულებანი : 4 წიგნად. წ. 2, ნუ გეშინია დედა! თეთრი ბაირაღები. მარადისობის კანონი /
Statement of responsibility, etc ნ. დუმბაძე ; [რედ. : მილიცა ჯაფარიძე ; გ. გვერდწითელი].
264 ## - წარმოების, გამოცემის, დისტრიბუციის და სხვა ცნობები
გამოცემის, წარმოების, დისტრიბუციის... ადგილი თბილისი :
გამოცემის, წარმოების, დისტრიბუციის... სახელწოდება მერანი,
გამოცემის, წარმოების, დისტრიბუციის... თარიღი 1989.
300 ## - ფიზიკური აღწერა
Extent 718 გვ. ;
Dimensions 21 სმ.
653 ## - INDEX TERM--UNCONTROLLED
Uncontrolled term თხზულებანი ოთხ წიგნად
653 ## - INDEX TERM--UNCONTROLLED
Uncontrolled term წ. 2 ნუ გეშინია დედა!
653 ## - INDEX TERM--UNCONTROLLED
Uncontrolled term თეთრი ბაირაღები
653 ## - INDEX TERM--UNCONTROLLED
Uncontrolled term მარადისობის კანონი
700 ## - ADDED ENTRY--PERSONAL NAME
Personal name ჯაფარიძე, მილიცა
Relator term რედაქტორი
9 (RLIN) 23475
700 ## - ADDED ENTRY--PERSONAL NAME
Personal name გვერდწითელი, გ.
Relator term რედაქტორი
9 (RLIN) 23476
942 ## - ADDED ENTRY ELEMENTS (KOHA)
Koha item type წიგნი
Source of classification or shelving scheme
ეგზემპლარები
ჩამოწერის სტატუსი დაკარგული ეგზემპლარის სტატუსი კლასიფიკაციის წყარო ან თაროზე გაწყობის სქემა დაზიანების სტატუსი არ გაიცემა მუდმივი მდებარეობა (დაცვის ადგილი) ამჟამინდელი ადგილსამყოფელი თაროზე განთავსების ადგილი შეძენის თარიღი სრული შენახვის შიფრი შტრიხკოდი ბოლო ოპერაციის თარიღი ეგზემპლარის მიმდევრობითი ნომერი (კეტერი?) ფასის ძალაში შესვლის თარიღი ეგზემპლარის სახეობა საჯარო შენიშვნა ადგილმდებარეობის კოდირებული მსაზღვრელი
          ბათუმის შოთა რუსთაველის სახელმწიფო უნივერსიტეტის მთავარი ბიბლიოთეკა ბათუმის შოთა რუსთაველის სახელმწიფო უნივერსიტეტის მთავარი ბიბლიოთეკა წიგნსაცავი 2018-12-17 821.353.1-31 დ-90 27305 2018-12-17 27305 2018-12-17 წიგნი 10.00 ₾. 10.00 ₾.